El tratado de límites Salomón - Lozano entre el Perú y Colombia. (Registro nro. 299996)

Detalles MARC
000 -ENCABEZADO
Número de control [NR] 01595nam a22002657a 4500
005 - FECHA Y HORA DE LA ÚLTIMA TRANSACCIÓN
control field 20150609083445.0
008 - DE LONGITUD FIJA DE DATOS DE ELEMENTOS - INFORMACIÓN GENERAL
Elementos de longitud fija [NR] 150609s1928 pe ||||fr|||| 00| 0 spa d
040 ## - FUENTE DE CATALOGACION [NR]
Quien Cataloga Sandra Yazo
Quien Clasifica Sandra Yazo
041 0# - CODIGO DE IDIOMA [R]
Código de idioma para texto/pista de sonido o título separado [R] Español
082 04 - NUMERO DE CLASIFICACION DECIMAL DEWEY [R]
Número de la edición [NR] 20
Número de clasificación [R] 341.42
092 ## - SIGNATURA TOPOGRAFICA LOCAL
Número de clasificación local E35N055
100 1# - ASIENTO PRINCIPAL--NOMBRE PERSONAL [NR]
Nombre personal [NR] Valverde, Carlos A.
ID Autoridad 69477
245 13 - MENCION DE TITULO [NR]
Título [NR] El tratado de límites Salomón - Lozano entre el Perú y Colombia.
Parte restante del título [NR] La actitud del Ecuador.
Mención de responsabilidad, etc. [NR] Análisis del Tratado y Artículos del ... ingeniero Carlos A. Valverde.
260 ## - PUBLICACION, DISTRIBUCION, ETC. (PIE DE IMPRENTA) [R]
Lugar de publicación, distribución, etc. [R] Lima (Perú)
Nombre del editor, distribuidor, etc. [R] Talleres de La Prensa
Fecha de publicación, distribución, etc. [R] 1928
300 ## - DESCRIPCION FISICA [R]
Extensión [R] 152, [2] páginas, [1] hoja plegada.
Otros detalles físicos [NR] fotos y mapa
Dimensiones [R] 22 x 15 cm.
490 ## - MENCION DE SERIE [R]
Mención de serie [R] Por la paz de América
500 ## - NOTA GENERAL [R]
Nota general [NR] Detalles física: Ejemplar en regular estado. Tapa delantera rota y suelta, se conserva entre el libro. Portada impresa en una sola tinta. Fotografías entre el texto y un mapa al final del texto. Texto impreso en una sola tinta
505 1# - NOTA DE CONTENIDO CON FORMATO PREESTABLECIDO [R]
Nota de contenido con formato preestablecido [NR] Tratado peruano-colombiano – Exposición y análisis ; Texto del tratado de límites entre Perú y Colombia ; Aprobación del tratado de límites celebrado entre el Perú y Colombia (Ratificación por el Congreso del Perú) ; Acta de Wáshington – Acuerdo entre Perú, Brasil y Colombia – Texto del tratado de límites entre Colombia y el Ecuador -- La actitud del Ecuador
506 ## - NOTA DE RESTRICCIONES DE ACCESO [R]
Condiciones de acceso [NR] Consulta en sala
650 #7 - ASIENTO SECUNDARIO DE MATERIA - TERMINO TEMATICO [R]
9 (RLIN) 18551
Término temático o nombre geográfico como elemento de entrada [NR] Limites e incidentes fronterizos
Subdivisión geográfica [R] Colombia
651 04 - ASIENTO SECUNDARIO DE MATERIA - NOMBRE GEOGRAFICO [R]
9 (RLIN) 34540
Nombre geográfico [NR] Colombia
Subdivisión general [R] Limites
Subdivisión geográfica [R] Perú
651 04 - ASIENTO SECUNDARIO DE MATERIA - NOMBRE GEOGRAFICO [R]
Fuente del encabezamiento o término [NR] Colombia
Subdivisión general [R] Política y gobierno
9 (RLIN) 69478
690 ## - ASUNTO AGREGADO LOCAL DE ENTRADA - TÉRMINO TEMÁTICO (OCLC, RLIN)
9 (RLIN) 42772
Acceso temático local Derecho internacional
942 ## - ELEMENTOS DE ENTRADA AGREGADOS (KOHA)
Sistema de clasificación LOCAL
Tipo de ítem principal el descrito en 300a Libro
Edición 1
Clasificación E35N055
Existencias
Suprimido Perdido Sistema de clasificación Dañado No prestable Tipo de ítem específico Ubicación habitual Ubicación actual Localización Fecha de creación Forma de adquisición Costo Total préstamos Signatura topográfica Código de barras Última vez visto Ejemplar Price effective from Tipo de ítem
    LOCAL     Libro archivo Archivo Histórico Archivo Histórico Archivo histórico 09/06/2015 Donación 0.00   E35N055 L004914 09/06/2015 Ej.1 09/06/2015 Libro